Pelikanarten bestimmen - Statistiken

Allgemein
  • Dieses Quiz wurde 8 mal gespielt
  • Das Durchschnittsergebnis liegt bei 5 aus 8
Antwortstatistiken
Bildquiz Antwort % Korrekt
Braunpelikan
88%
Nashornpelikan
75%
Brillenpelikan
63%
Rosapelikan
63%
Chilepelikan
50%
Rötelpelikan
50%
Graupelikan
38%
Krauskopfpelikan
38%
Keine übereinstimmenden Quizze gefunden
Verteilung der Resultate
Anzahl Personen mit jedem Resultat
Perzentil nach korrekt beantworteten Fragen
Ihre Resultats-Entwicklung
Sie haben dieses Quiz noch nicht gespielt